[Event "Weymouth Minor op"]
[Site "Weymouth"]
[Date "2008.10.24"]
[Round "1"]
[White "George, John M"]
[Black "Errington, Paul T"]
[Result "1/2-1/2"]
[WhiteElo "1400"]
[BlackElo "1504"]
[PlyCount "106"]
[EventDate "2008.10.24"]
[EventType "swiss"]
[EventRounds "5"]
[EventCountry "ENG"]
[SourceTitle "EXT 2011"]
[Source "ChessBase"]
[SourceDate "2010.11.26"]
[SourceVersion "1"]
[SourceVersionDate "2010.11.26"]
[SourceQuality "1"]

1. e4 c5 2. c3 Nf6 3. e5 Nd5 4. d4 cxd4 5. cxd4 e6 6. Nf3 h6 7. a3 Nc6 8. Bd3 d6 9. 0-0 dxe5 10. dxe5 Bd7 11. Nbd2 a6 12. Ne4 Qc7 13. Nc3 Nxc3 14. bxc3 Nxe5 15. Nxe5 Qxe5 16. Bb2 Bc6 17. Re1 Qg5 18. Be4 Rc8 19. Qf3 Bd6 20. Rad1 Qf4 21. Bxc6+ Rxc6 22. Qxf4 Bxf4 23. Rd4 Bg5 24. Red1 Rc7 25. Kf1 Bf6 26. R4d3 0-0 27. Ke2 Rfc8 28. Rc1 b5 29. Rd6 Rc6 30. Rxc6 Rxc6 31. Rc2 Kf8 32. Kd3 Ke7 33. Bc1 g5 34. Bd2 Bg7 35. c4 bxc4+ 36. Rxc4 Rd6+ 37. Ke2 Kd7 38. Bb4 Rd5 39. Bc3 Bxc3 40. Rxc3 a5 41. Rh3 Rb5 42. Rxh6 Rb3 43. Rf6 Ke7 44. Rf3 Rb2+ 45. Kd3 f5 46. Kc4 Kd6 47. Kc3 Rb5 48. Rd3+ Kc5 49. Re3 Kd6 50. Kc4 Rb2 51. Rd3+ Kc6 52. Re3 Kd6 53. Rd3+ Kc6 1/2-1/2